[Event "Dvorkovich Memorial Rapid 2018"]
[Site "Taganrog"]
[Date "2018.01.14"]
[Round "7"]
[White "Sjugirov, Sanan"]
[Black "Kokarev, Dmitry"]
[Result "1/2-1/2"]
[WhiteElo "2652"]
[BlackElo "2616"]
[Annotator "TA"]
[PlyCount "126"]
[EventDate "2018.??.??"]
[EventType "swiss"]
[EventCountry "RUS"]
[SourceTitle "playchess.com"]
[Source "ChessBase"]
[SourceQuality "1"]

{[%evp 22,126,87,73,108,107,105,99,100,96,102,68,69,66,82,79,76,33,32,28,38,0,10,20,34,27,32,0,40,50,50,26,47,32,43,37,55,30,59,35,35,35,35,35,35,29,64,47,62,35,62,54,79,66,67,55,79,84,86,87,131,108,116,88,95,78,82,66,74,57,47,12,12,12,12,13,13,14,14,9,15,11,58,11,11,11,18,18,18,0,20,0,10,10,43,46,35,35,22,11,75,67,222,0,45,0,216]} 1. d4 g6 2. c4 Bg7 3. Nc3 d6 4. e4 Nf6 5. Nf3 O-O 6. Be2 c6 7. O-O e5 8. d5 Na6 9. Be3 Ng4 10. Bg5 f6 11. Bh4 c5 12. Ne1 h5 {E94: King's Indian: Classical: 6 Be2 e5 7 0-0: Various Black 7th moves} (12... Nh6 13. f3 Nf7 14. Rb1 h5 15. Nd3 Bh6 16. Bf2 Bd7 17. b4 b6 18. bxc5 Nxc5 19. a4 a5 20. Qc2 {1-0 (67) So,W (2822)-Shimanov,A (2642) chess.com INT 2017}) 13. a3 Bd7 14. Rb1 Nh6 {With the idea ...g5.White is better.} 15. f3 Nf7 16. Nd3 Bh6 17. Bf2 Qe7 18. b4 b6 19. bxc5 {[#]} Nxc5 $146 ({Find the theoretical novelty and annotate with similar games:} 19... dxc5 20. a4 {1-0 (45) Akesson,R (2466)-Kotronias,V (2611) Malmo 2008}) 20. a4 Nb7 21. Nc1 Bxc1 22. Qxc1 Rfc8 23. Qa3 Na5 24. Qb4 Kg7 25. Nb5 Nb7 26. Rfc1 g5 27. Qa3 h4 28. Be1 Nfd8 29. Bd2 (29. a5 {NOTEXT} Nc5 30. axb6 axb6 31. Qe3 Nf7 32. Nc3) 29... Bxb5 30. cxb5 (30. axb5 {NOTEXT} Nc5 31. Rc2 Nf7 32. Be3 a5 33. bxa6 Rxa6 34. Qc1) 30... Rxc1+ 31. Rxc1 Nc5 32. a5 {Hoping for axb6.} Rc8 33. Ra1 Nf7 34. Be1 {[%cal Bd2e1,Be1f2,Bf2e3][%mdl 32]} Qc7 35. Bf2 Kf8 36. Be3 Ke7 37. axb6 axb6 38. Qa7 Kd8 39. Kf2 Nd7 40. Qxc7+ Rxc7 41. Ra6 Rb7 42. Ra8+ Ke7 43. Bf1 Nc5 44. g3 hxg3+ 45. Kxg3 Nb3 $1 46. Ra4 Nd4 $1 47. Bxd4 exd4 48. Rxd4 $11 {[%mdl 4096] Endgame KRB-KRN} Ra7 49. Rd3 Ne5 50. Rc3 Ra1 51. Bh3 Rb1 52. f4 gxf4+ 53. Kxf4 Rb2 54. Rc7+ Kd8 55. Rc8+ Ke7 56. Rc7+ Kd8 57. Rb7 Rf2+ 58. Kg3 Rf3+ 59. Kg2 Rb3 $1 60. Bf5 Rb2+ (60... Rxb5 $11 {remains equal.} 61. h4 Rb2+ 62. Kg3 Rb3+ 63. Kf2 Rb2+ 64. Ke3 Rh2) 61. Kg3 $16 Rb3+ $2 {[#]} (61... Rxb5 $14 62. h4 Rb3+ 63. Kf2 Rb2+ 64. Ke3 Rb3+ 65. Kf2 Rb2+ 66. Ke3 Rh2) 62. Kg2 $2 ({White has to play} 62. Kh4 $1 $18) 62... Rb2+ $14 63. Kg3 $2 (63. Kh3 $14) 63... Rb3+ $1 {Precision: White = 44%, Black = 55%.} 1/2-1/2

[Event "Dvorkovich Memorial Rapid 2018"]
[Site "Taganrog"]
[Date "2018.01.14"]
[Round "7"]
[White "Volkov, Sergey"]
[Black "Lugovskoy, Maxim"]
[Result "0-1"]
[WhiteElo "2627"]
[BlackElo "2459"]
[Annotator "TA"]
[PlyCount "114"]
[EventDate "2018.??.??"]
[EventType "swiss"]
[EventCountry "RUS"]
[SourceTitle "playchess.com"]
[Source "ChessBase"]
[SourceQuality "1"]

{[%evp 9,114,29,34,8,57,72,99,60,86,87,66,69,76,49,50,54,53,26,31,27,41,8,5,-55,31,-17,-11,0,56,-45,-41,-105,-103,-115,-120,-150,-169,-258,-259,-243,-172,-173,-186,-177,-180,-464,-370,-447,-117,-107,-102,-100,-97,-99,-89,-99,-85,-63,-48,-51,-22,-34,5,-133,-162,-158,-154,-303,-314,-311,-315,-315,-304,-280,-287,-338,-323,-314,-253,-410,-399,-374,-374,-374,-374,-578,-525,-791,-686,-640,-638,-962,-936,-29974,-5089,-1860,-834,-29976,-29978,-29977,-29978,-29973,-29972,-29989,-29990,-29997,-29998]} 1. d4 d5 2. c4 e6 3. Nc3 a6 4. cxd5 exd5 5. Qb3 c6 6. e4 {D31: Queen's Gambit Declined: Semi-Slav without ...Nf6 (+ Marshall Gambit and Noteboom) and Exchange Variation lines without ...Nf6} Nf6 $146 ({Predecessor:} 6... dxe4 7. Bc4 Qe7 8. a4 Nf6 9. Nge2 g6 10. O-O Bg7 11. Ng3 O-O 12. Re1 b5 13. axb5 cxb5 14. Bxb5 Qb7 15. Ba4 Qxb3 16. Bxb3 Nc6 17. Rd1 Bg4 18. Nge2 {½-½ (18) Svidler,P (2751)-Erdos,V (2628) Tbilisi 2017}) 7. e5 Nfd7 8. f4 {White is better.} b5 9. Nf3 Bb7 10. Be3 c5 $1 11. Rd1 c4 12. Qc2 b4 13. Nb1 Nc6 14. b3 c3 15. Bd3 Qb6 $36 {[%mdl 2048] Black is pushing.} 16. Bxh7 (16. O-O $11) 16... O-O-O {[%cal Ba8d8,Bd8d7,Bd7h7][%mdl 32]} (16... g6 $1 $15 17. Bxg6 fxg6) 17. Bf5 Be7 18. O-O Kb8 (18... g6 $1 $11 19. Bh3 a5) 19. Bf2 (19. a3 $14) 19... g6 $15 20. Bxd7 (20. Bd3 $15) 20... Rxd7 $17 21. e6 fxe6 22. Qxg6 Bd6 23. Rfe1 {[#]} (23. g3 {keeps fighting.}) 23... Qc7 $1 $19 ({Not} 23... Bxf4 24. Qf6 $14) 24. Ne5 Bxe5 25. fxe5 {[#]} Rdh7 $1 {[%cal Rh7h2]} 26. h3 Rg7 27. Qxe6 $2 (27. Qd3 {was the only chance.}) 27... c2 28. Rd3 Nd8 $2 (28... cxb1=R $2 29. Rxb1 Bc8 30. Qf6 $19) (28... Bc8 $19 {has better winning chances.} 29. Qf6 Rxh3 30. Rxh3 Bxh3) 29. Qd6 $17 Qxd6 30. exd6 cxb1=Q (30... cxb1=R {is more complex.} 31. Rxb1 Bc8 32. Rg3 Rf7 33. Re1 Rhf8) 31. Rxb1 Bc8 {And now ...Bf5 would win.} 32. Rg3 Rf7 33. Re1 Ne6 34. Re5 Nf4 {[%cal Rc8h3]} 35. Be1 Bf5 36. Bxb4 (36. Rf3 $11 {keeps the balance.} Be4 37. d7 Ne2+ 38. Kf1 Rxd7 39. Kxe2) 36... Be4 37. Kh2 Nd3 38. Ba5 (38. Rxd3 $17 Bxd3 39. Rxd5) 38... Nxe5 $19 39. dxe5 {e6 is the strong threat.} Re8 40. Bc3 Kc8 41. Bd4 Kd7 42. Rc3 Ke6 43. Rc6 Rd7 44. Rxa6 $2 (44. g4 {was worth a try.}) 44... Rc8 45. g4 Rc2+ 46. Kg3 Rd2 47. Bc5 (47. Ra4 {was the only defense.}) 47... Kxe5 {White must now prevent ...Rh7.} 48. Ra8 d4 49. Re8+ Kd5 50. b4 d3 {Hoping for ...Rg2+.} 51. Kf4 Rf7+ 52. Kg5 Rxa2 (52... Re2 $142 53. Re7 Rxe7 54. dxe7 Bh1) 53. Re7 d2 {Black mates.} 54. Rxf7 d1=Q 55. d7 Ra8 56. Bb6 Rg8+ 57. Kf6 Qa1+ {Precision: White = 27%, Black = 57%.} 0-1

[Event "Dvorkovich Memorial Rapid 2018"]
[Site "Taganrog"]
[Date "2018.01.14"]
[Round "7"]
[White "Bocharov, Dmitry"]
[Black "Pridorozhni, Aleksei"]
[Result "0-1"]
[WhiteElo "2583"]
[BlackElo "2571"]
[Annotator "TA"]
[PlyCount "76"]
[EventDate "2018.??.??"]
[EventType "swiss"]
[EventCountry "RUS"]
[SourceTitle "playchess.com"]
[Source "ChessBase"]
[SourceQuality "1"]

{[%evp 9,76,-43,-33,-32,-6,-2,27,31,18,15,20,0,0,0,0,21,12,0,0,0,1,8,11,-101,-81,-83,-78,-112,-24,-36,-37,-69,-79,-106,-100,-117,-106,-125,-132,-136,-115,-152,-115,-141,-133,-180,-167,-176,-137,-214,-187,-262,-262,-258,-265,-320,-283,-429,-443,-567,-563,-594,-459,-595,-583,-838,-844,-805,-789]} 1. Nf3 d5 2. c4 d4 3. b4 g5 4. Nxg5 e5 5. d3 Bxb4+ 6. Bd2 {A09: Réti Opening: 1 Nf3 d5 2 c4} Qxg5 7. Bxb4 Nc6 8. Bd2 $146 {White has an edge.} ({Predecessor:} 8. Ba3 h5 9. Nd2 h4 10. Rb1 b6 {0-1 (26) Bocharov,D (2577)-Morozevich,A (2711) Kazan 2015}) 8... Qe7 9. g3 e4 10. dxe4 Qxe4 11. f3 Qe7 12. Qb3 Nf6 13. Bg2 Nd7 14. O-O Nc5 $36 {[%mdl 2048] White is under pressure.} 15. Qa3 Bf5 16. Bg5 (16. e4 $11 Be6 17. Bh6) 16... Qxg5 $17 17. Qxc5 Qe3+ 18. Kh1 Qe5 (18... Bg6 $17 {Strongly threatening ...0-0-0.} 19. Na3 a6) 19. Qxe5+ $11 Nxe5 20. Nd2 O-O-O 21. h3 Rhe8 22. Rf2 Nd7 23. Nb3 c5 24. g4 Bg6 25. Nd2 Nf6 26. Kg1 Re3 27. a4 Rde8 28. Kf1 a5 29. f4 (29. Ne4 $17 Nxe4 30. fxe4) 29... Be4 $19 30. Nxe4 (30. Bf3 $142) 30... Nxe4 31. Bxe4 R8xe4 {[%mdl 4096] Endgame KRR-KRR} 32. Rb1 {With the idea Rb5.} Kc7 ({Weaker is} 32... Rxh3 33. Rb5 $15) 33. Rb2 (33. Rf3 {was worth a try.}) 33... Rc3 {Black is clearly winning.} 34. g5 Rxc4 35. Ra2 Rb4 36. Kg2 c4 {[%cal Bc5c4,Bc4c3][%mdl 32]} 37. Kf3 Re3+ 38. Kg4 c3 {Precision: White = 38%, Black = 64%.} 0-1

[Event "Dvorkovich Memorial Rapid 2018"]
[Site "Taganrog"]
[Date "2018.01.14"]
[Round "7"]
[White "Goganov, Aleksey"]
[Black "Paravyan, David"]
[Result "1-0"]
[WhiteElo "2563"]
[BlackElo "2603"]
[Annotator "TA"]
[PlyCount "93"]
[EventDate "2018.??.??"]
[EventType "swiss"]
[EventCountry "RUS"]
[SourceTitle "playchess.com"]
[Source "ChessBase"]
[SourceQuality "1"]

{[%evp 21,93,15,26,4,11,0,29,-2,2,0,44,44,56,57,63,0,0,0,-9,-77,-76,-71,127,17,43,50,36,43,46,42,467,453,545,423,712,660,669,652,1031,1046,1338,579,1639,1639,2037,1927,1592,1576,1225,916,1253,1253,1064,1156,29963,29958,5185,747,739,716,29987,29988,29978,29971,29971,29972,29970,29970,29970,29971,29965,29961,29966,5517]} 1. d4 Nf6 2. c4 g6 3. f3 d5 4. cxd5 Nxd5 5. e4 Nb6 6. Nc3 Bg7 7. Be3 O-O 8. Qd2 e5 9. d5 c6 {D70: Grünfeld: Unusual White 3rd moves (met by ...d5)} 10. h4 cxd5 11. exd5 Na6 {LiveBook: 3 Games. The position is equal.} 12. h5 {White wants to play hxg6.} Nb4 {[%cal Rb4d5]} 13. hxg6 Bf5 $1 {[#]} 14. gxf7+ $146 ({Find the theoretical novelty and annotate with similar games:} 14. gxh7+ Kh8 15. Rd1 Nc2+ 16. Kf2 Nxe3 17. Qxe3 {½-½ (96) Giri,A (2793)-Caruana,F (2794) Moscow 2016}) 14... Rxf7 {[#] And now ...Nc2+ would win.} 15. Rc1 Rc8 16. Bxb6 Qxb6 17. a3 Na6 18. Bxa6 (18. d6 $14) 18... Qxa6 $11 19. Nge2 Qg6 20. g4 (20. Qe3 $11) 20... Bd3 $17 {[%mdl 1024] Black has strong compensation.} 21. Qe3 Bf8 $2 {[#]} (21... Rcf8 $17 {and life is bright.} 22. Rh3 Bf6) 22. Rd1 ({Only move:} 22. Kd2 $1 $16 Bxe2 23. Kxe2 (23. Nxe2 Rd8 $16)) 22... Bc2 {Hoping for ...Bc5.} 23. Rd2 Bc5 24. Qxe5 {Strongly threatening d6.} Rxf3 {White must now prevent ...Bf2+.} 25. Nf4 $36 {[%mdl 2048] White is pushing.} Qxg4 $2 {[%mdl 8192]} (25... Qf7 $1 $14 26. Qg5+ Kh8 27. Rxc2 Qxf4 28. Qxf4 Rxf4) 26. Rg2 $18 Rg3 27. Rxc2 Rg1+ (27... Re3+ $142 28. Qxe3 Bxe3) 28. Rxg1 Qxg1+ 29. Kd2 Qf2+ 30. Nfe2 Rf8 31. Rc1 Rf5 32. Rg1+ Kf8 33. Qh8+ Ke7 34. Rg7+ Rf7 35. Rxf7+ Qxf7 36. Qe5+ Kd7 37. Ne4 Bf8 38. Nf6+ Kc8 39. Qf5+ Kd8 40. Nd4 Bg7 41. Ne6+ {White mates.} Ke7 42. Nxg7 Qxf6 43. Qe6+ Qxe6 44. Nxe6 Kd6 45. Nf4 Ke5 46. Ke3 b5 47. Kf3 {Precision: White = 58%, Black = 28%.} (47. b4 $142 h5 48. Kf2 Kd6 49. Kf3 Ke5 50. Kg3 Kf6 51. Nxh5+ Ke5 52. Nf4) 1-0

[Event "Dvorkovich Memorial Rapid 2018"]
[Site "Taganrog"]
[Date "2018.01.14"]
[Round "7"]
[White "Sarana, Alexey"]
[Black "Esipenko, Andrey"]
[Result "1-0"]
[WhiteElo "2562"]
[BlackElo "2571"]
[Annotator "TA"]
[PlyCount "53"]
[EventDate "2018.??.??"]
[EventType "swiss"]
[EventCountry "RUS"]
[SourceTitle "playchess.com"]
[Source "ChessBase"]
[SourceQuality "1"]

{[%evp 16,53,-15,-8,0,2,18,5,12,8,12,4,18,17,13,22,69,66,80,65,81,76,87,87,122,122,128,96,106,103,108,64,108,108,433,372,354,362,421,421]} 1. d4 Nf6 2. Nf3 e6 3. Bf4 d5 4. e3 c5 5. c3 Nc6 6. Nbd2 cxd4 7. cxd4 {D02: 1 d4 d5 2 Nf3 sidelines, including 2...Nf6 3 g3 and 2...Nf6 3 Bf4} (7. exd4 Nh5 8. Be3 Bd6 9. Bd3 Nf4 10. Bxf4 Bxf4 11. O-O O-O 12. Re1 Bd7 13. Ne5 Nxe5 14. dxe5 g6 {1-0 (104) Vidit,S (2715)-Aronian,L (2805) Riadh 2017}) 7... Bd6 8. Bd3 Bxf4 9. exf4 {LiveBook: 3 Games. The position is equal.} O-O 10. O-O Qd6 $146 ({Predecessor:} 10... Qb6 11. Nb3 Nb4 12. Nc5 Nxd3 13. Qxd3 Qd6 14. Ne5 b6 {1-0 (61) Kulakov,V (2195)-Roganovic,M (2228) Herceg Novi 2005}) 11. g3 b6 12. a3 Bb7 13. Rc1 Rac8 14. Qe2 Rc7 15. Nb1 Ne4 16. Nc3 {[#] And now Nb5 would win.} Nxc3 17. Rxc3 g6 18. Rfc1 Rfc8 {[#]} 19. Qc2 $1 Kg7 20. h4 Qd8 21. Bb5 a6 22. Bd3 ({Don't play} 22. Bxc6 $6 Rxc6 23. Qd3 Rxc3 $11) 22... h5 23. Qe2 b5 24. b4 Nxd4 $2 {[%mdl 8192]} (24... Kg8 $16) 25. Qe5+ $18 Qf6 26. Qxf6+ Kxf6 27. Rxc7 {Precision: White = 79%, Black = 20%.} 1-0

[Event "Dvorkovich Memorial Rapid 2018"]
[Site "Taganrog"]
[Date "2018.01.14"]
[Round "7"]
[White "Triapishko, Alexandr"]
[Black "Maltsevskaya, Aleksandra"]
[Result "1-0"]
[WhiteElo "2531"]
[BlackElo "2274"]
[Annotator "TA"]
[PlyCount "81"]
[EventDate "2018.??.??"]
[EventType "swiss"]
[EventCountry "RUS"]
[SourceTitle "playchess.com"]
[Source "ChessBase"]
[SourceQuality "1"]

{[%evp 12,81,14,12,52,26,30,23,20,18,17,13,25,14,37,12,23,6,8,8,8,12,14,12,23,15,19,18,32,32,26,28,33,12,40,14,65,77,85,39,87,87,89,63,91,91,107,101,227,196,179,195,473,441,473,467,441,442,452,443,452,443,429,428,458,408,404,395,509,504,487,447]} 1. e4 c6 2. d4 d5 3. Nd2 dxe4 4. Nxe4 Bf5 5. Nc5 b6 6. Nb3 Nf6 7. Nf3 g6 {B18: Classical Caro-Kann: 4...Bf5 sidelines} (7... e6 8. g3 Nbd7 9. Bg2 Rc8 10. O-O Bd6 11. Qe2 Qc7 12. c4 O-O 13. Be3 Rfe8 14. Rac1 Bg4 15. Qc2 Bf5 16. Qe2 Bg4 17. Qc2 Bf5 18. Qe2 {½-½ (18) Carlsen,M (2765)-Leko,P (2741) Miskolc 2008}) 8. g3 Qc8 9. Qe2 $146 ({Predecessor:} 9. Bg2 Bh3 10. O-O Bxg2 11. Kxg2 Bg7 12. Re1 e6 13. a4 O-O 14. a5 Nbd7 15. Ne5 {0-1 (23) Chernov,V (2436)-Atalik,S (2599) Baden-Baden 2003}) 9... Bg7 {White has an edge.} 10. Bg2 O-O 11. O-O a5 12. a4 Qa6 13. Re1 Nd5 14. c3 (14. Qd1 {is interesting.} Nb4 15. Re2 Nd7 16. c3 Nd5 17. Re1) 14... Qxe2 15. Rxe2 Bd3 16. Re1 Bc2 17. Nbd2 {[%cal Bb3d2,Bd2c4,Bc4d6][%mdl 32]} e6 18. Nc4 Nd7 19. Nfe5 Nxe5 20. dxe5 Rab8 21. f4 Rfc8 22. Be3 Bb3 23. Nd6 Rc7 (23... Rd8 $11) 24. Bf2 $14 Bf8 25. Rec1 {[#] Threatens to win with Ra3.} Rd7 26. c4 Nb4 27. Ra3 $36 {[%mdl 2048] White fights for an advantage.} Bxd6 28. exd6 ({But not} 28. Rxb3 $6 Bc5 $11) 28... Bc2 29. c5 Bf5 (29... bxc5 $16 30. Bxc5 Rdd8 31. Bxb4 axb4) 30. cxb6 $18 Rxd6 31. Rb3 Nd3 $2 {[#]} (31... Rd2 {might work better.}) 32. Rxc6 Rxc6 33. Bxc6 Nxf2 34. Kxf2 {[%mdl 4096] Endgame KRB-KRB} Bc2 35. Rc3 Bxa4 36. Bxa4 Rxb6 {KRB-KR} 37. b3 Rd6 38. Ke2 Rd5 39. Bc6 Rd4 40. Rc5 Rd6 41. Ba4 {Precision: White = 62%, Black = 43%.} 1-0

[Event "Dvorkovich Memorial Rapid 2018"]
[Site "Taganrog"]
[Date "2018.01.14"]
[Round "7"]
[White "Kiselev, Vitaliy"]
[Black "Zakaryan, David"]
[Result "1/2-1/2"]
[WhiteElo "2516"]
[BlackElo "2420"]
[Annotator "TA"]
[PlyCount "76"]
[EventDate "2018.??.??"]
[EventType "swiss"]
[EventCountry "RUS"]
[SourceTitle "playchess.com"]
[Source "ChessBase"]
[SourceQuality "1"]

{[%evp 12,76,25,-3,10,12,27,0,0,-11,-6,0,0,-15,6,0,0,16,8,8,25,30,30,23,31,16,25,16,16,11,66,33,76,29,46,3,10,10,10,10,58,28,28,28,28,28,28,28,28,28,28,0,28,28,28,28,58,58,58,28,28,0,58,58,58,58,58]} 1. d4 d5 2. Nf3 e6 3. Bf4 Bd6 4. Bg3 c5 5. e3 Nc6 6. c3 {D02: 1 d4 d5 2 Nf3 sidelines, including 2...Nf6 3 g3 and 2...Nf6 3 Bf4} Nge7 7. Bd3 {LiveBook: 10 Games} f5 (7... h6 8. dxc5 Bxc5 9. Nbd2 O-O 10. O-O Nf5 11. Bxf5 exf5 12. Nb3 Bb6 13. Qd3 {1-0 (52) Carlsen,M (2832)-Topalov,V (2749) Paris 2017}) 8. Nbd2 {The position is equal.} c4 9. Bc2 b5 10. a3 $146 ({Predecessor:} 10. Ne5 O-O 11. O-O Nxe5 12. dxe5 Bc5 13. b4 {0-1 (51) Sorensen,B (1655)-Lunde,S (1894) Helsingor 2016}) 10... a5 11. Bxd6 Qxd6 12. Ng5 h6 13. Qh5+ g6 14. Qh4 e5 15. dxe5 Nxe5 16. Ngf3 N7c6 17. Nxe5 Nxe5 18. Nf3 Nxf3+ 19. gxf3 Kf7 20. Qd4 Bb7 (20... Rd8 $11) 21. h4 h5 22. Rg1 {Threatens to win with Bxf5!} Qf6 23. Kd2 Qxd4+ 24. exd4 Rhe8 25. f4 a4 26. Rg5 Ra6 27. Rag1 {[#] Bxf5! is the strong threat.} Rf6 28. Bd1 {Strongly threatening Bxh5!} Bc8 29. Bf3 Rd6 30. R1g3 Re7 31. Rg1 Re8 32. R5g3 Re7 33. Rf1 Bd7 34. Rgg1 Kf6 35. Rg2 Be8 36. Rgg1 Bf7 (36... Bd7 $1 $11) 37. Re1 $14 Rxe1 38. Rxe1 Be6 {Precision: White = 60%, Black = 45%.} 1/2-1/2

[Event "Dvorkovich Memorial Rapid 2018"]
[Site "Taganrog"]
[Date "2018.01.14"]
[Round "7"]
[White "Iljiushenok, Ilia"]
[Black "Vastrukhin, Oleg"]
[Result "1-0"]
[WhiteElo "2512"]
[BlackElo "2398"]
[Annotator "TA"]
[PlyCount "57"]
[EventDate "2018.??.??"]
[EventType "swiss"]
[EventCountry "RUS"]
[SourceTitle "playchess.com"]
[Source "ChessBase"]
[SourceQuality "1"]

{[%evp 16,57,8,2,19,29,44,41,77,62,66,71,62,61,60,45,84,73,69,78,77,39,22,32,53,50,36,53,118,125,183,177,169,183,209,200,438,220,228,218,402,246,239,17]} 1. e4 g6 2. d4 Bg7 3. Nc3 c6 4. Be3 d5 5. e5 Nh6 6. f4 O-O 7. Nf3 Bg4 8. Bd3 f6 9. O-O {LiveBook: 9 Games} Nf5 {B15: Caro-Kann: 3 Nc3: 3...g6 and 3...dxe4 4 Nxe4 Nf6 5 Nxf6+ exf6} 10. Bf2 $146 ({Predecessor:} 10. Bxf5 Bxf5 11. Ne2 Nd7 12. Ng3 Bg4 13. h3 Bxf3 14. Rxf3 fxe5 15. fxe5 Qb6 16. Rb1 c5 17. c3 cxd4 18. cxd4 {0-1 (52) Minbayev,B (2025)-Shimanov,A (2623) Astana 2017}) 10... fxe5 11. dxe5 Na6 {[%cal Bb8a6,Ba6b4,Bb4d3][%mdl 32] White is slightly better.} 12. h3 Bxf3 $1 13. Qxf3 Nb4 14. g4 Nh6 15. Rae1 (15. Qg3 {with more complications.} e6 16. Bc5 Rf7 17. Ne2 Bf8 18. Bf2) 15... Nxd3 16. cxd3 e6 17. d4 g5 18. Be3 {[%cal Bf2e3,Be3f4,Bf4g3][%mdl 32]} gxf4 19. Bxf4 Qh4 20. Qe3 {aiming for Bg5.} Nf7 21. Ne2 h6 ({Better is} 21... b6 $14) 22. Kg2 $16 Nh8 (22... Ng5 $16) 23. Bg3 $18 Qg5 24. Nf4 Rab8 25. Qd3 b6 $2 {[#]} (25... Qe7 {was necessary.} 26. Rc1 Rbc8) 26. b4 (26. Nxe6 $142 Qg6 27. Qxg6 Nxg6 28. Nxf8 Nxf8 29. e6) 26... Qe7 27. Rc1 Rfc8 $2 (27... Rbc8 28. a3 Rfe8) 28. a3 c5 29. Rf2 $2 {[%mdl 32768] Precision: White = 53%, Black = 20%. . Loss on Time!?} (29. dxc5 $18 bxc5 30. bxc5) 1-0

[Event "Dvorkovich Memorial Rapid 2018"]
[Site "Taganrog"]
[Date "2018.01.14"]
[Round "7"]
[White "Kabanov, Nikolai"]
[Black "Musalov, Ruslan"]
[Result "1/2-1/2"]
[WhiteElo "2478"]
[BlackElo "2338"]
[Annotator "TA"]
[PlyCount "97"]
[EventDate "2018.??.??"]
[EventType "swiss"]
[EventCountry "RUS"]
[SourceTitle "playchess.com"]
[Source "ChessBase"]
[SourceQuality "1"]

{[%evp 17,97,-15,-17,-56,-33,-33,-20,-36,-46,-41,-6,-11,-12,-4,-8,-11,3,0,0,0,0,0,-1,-8,0,0,8,11,21,19,27,26,44,0,32,32,33,33,33,20,49,49,49,49,49,49,49,49,49,48,48,45,45,45,45,45,45,45,45,45,47,45,45,26,45,45,45,45,75,75,75,75,75,75,75,75,75,75,75,75,75,75]} 1. e4 e5 2. Nf3 Nc6 3. d4 exd4 4. Nxd4 Nf6 {[%cal Bg8f6,Bf6d5,Bd5f4,Bf4e6,Be6c5,Bc5d3][%mdl 32]} 5. Nxc6 bxc6 6. Qe2 {C45: Scotch Game} (6. e5 Qe7 7. Qe2 Nd5 8. h4 Bb7 9. c4 Nb6 10. Rh3 Qe6 11. f4 O-O-O 12. a4 d5 13. a5 Nxc4 14. b3 Bb4+ 15. Kf2 Nxa5 16. Bd2 {½-½ (73) Nakamura,H (2781)-Carlsen,M (2837) London 2017}) 6... Rb8 7. e5 Nd5 8. c4 Bb4+ 9. Nd2 Nf4 {LiveBook: 3 Games} 10. Qe4 Ne6 11. Bd3 $146 ({Predecessor:} 11. Rb1 c5 12. Bd3 Bb7 13. Qg4 h5 14. Qg3 h4 15. Qg4 h3 16. Be4 Rh4 {0-1 (16) Baum,J (2062)-Ringoir,T (2496) Prague 2017}) 11... Nc5 12. Qe3 Nxd3+ 13. Qxd3 d6 (13... f6 {looks sharper.} 14. O-O fxe5 15. Nf3 O-O 16. Nxe5 Qe8) 14. a3 Bxd2+ $1 15. Bxd2 O-O ({But not} 15... Rxb2 16. Qg3 $14) 16. Bc3 Qg5 17. Qg3 Qxg3 18. hxg3 dxe5 19. Bxe5 f6 20. Bc3 Re8+ 21. Kf1 Ba6 22. Rh4 Rbd8 23. Re1 Rxe1+ 24. Kxe1 $11 {[%mdl 4096] Endgame KRB-KRB} Kf7 25. Rd4 Rxd4 26. Bxd4 Bxc4 27. Bxa7 {KB-KB} Ke6 28. g4 f5 29. gxf5+ Kxf5 30. Bb8 Ke4 31. Bxc7 Kd3 32. f3 h5 33. Kf2 g6 34. a4 {[%cal Ba3a4,Ba4a5][%mdl 32]} Kc2 35. Be5 Kb3 36. a5 Kb4 37. Bc3+ Kc5 38. Ke3 Bf1 39. g3 Kb5 40. b3 Bg2 41. Kf2 Bh1 42. b4 Ka6 43. Bd4 {White is better.} Kb5 44. Bc5 Ka6 45. f4 Be4 46. Ke3 Bf5 47. Kd4 Bh3 48. Ke5 Bg4 49. Ke4 {Precision: White = 69%, Black = 64%.} 1/2-1/2